00333nam a2200145Ia 4500008004100000020001500041041001200056082001100068100001900079245002900098250000900127260002500136300000800161650001800169221030s9999 xx 000 0 und d a0070635528 aEnglish a105.23 aJ. W. Newstrom 0aOrganisational Behaviour a12th bTMHaNew Delhic2007 a528 aBB Management